| 000 | 00744nam a2200217Ii 4500 | ||
|---|---|---|---|
| 003 | JO-AjNU | ||
| 008 | 230605s9999||||xx |||||||||||||| ||und|| | ||
| 017 | _a2005/7/1668 | ||
| 040 |
_aJO-AjNU _bara _erda _cJO-AjNU |
||
| 041 | _aara | ||
| 050 | 1 | 4 | _aHQ800.2 .R39 2006 |
| 100 | 3 |
_aالرياطي، عبد الله محمد , _eauthor _913858 |
|
| 245 | 0 | 0 | _aالعنوسة هذا هو الحل |
| 250 | _aط1 | ||
| 264 | 3 | 1 | _aعمان: دار عالم الثقافة، 2006 |
| 300 |
_a80ص _bيحتوي على ببلوغرافية من 78-80ص |
||
| 336 |
_atext _btxt _2rdacontent |
||
| 337 |
_aunmediated _bn _2rdamedia |
||
| 338 |
_avolume _bnc _2rdacarrier |
||
| 650 | 4 |
_aالعوانس - المرأة - احوال اجتماعية _913859 |
|
| 999 |
_aA3558 _c7126 _d7126 |
||